| 000 | 00649nmm a2200205Ia 4500 | ||
|---|---|---|---|
| 008 | 251105s9999||||xx |||||||||||||||||und|| | ||
| 020 | _a9788436948424 | ||
| 041 | _aspa | ||
| 100 | _aGarcía Dozagarat, Juan Manuel | ||
| 245 | 0 | _aIniciación a las matemáticas | |
| 264 |
_a[Madrid, España] : _bMinisterio de Educación, Cultura y Deporte de España, _c2014 |
||
| 300 | _a196 páginas | ||
| 490 | _aAula Mentor | ||
| 650 | _aSciences | ||
| 700 | _aGarcía Dozagarat, Juan Manuel | ||
| 700 | 1 | _a Alonso Molina, Fernando | |
| 700 | 1 | _a Ortiz Capilla, Mª Ángeles | |
| 856 | _uhttps://public.digitaliapublishing.com/a/30225 | ||
| 942 | _cCF | ||
| 999 |
_c65888 _d65888 |
||